000 00497nam a22001337a 4500
005 20241210090440.0
008 240920b ||||| |||| 00| 0 eng d
100 _aSoriano, Maricris Millo.
_eauthor.
_961249
245 _aKailan ka uuwi tatay? /
_cMaricris Millo Soriano.
260 _aPhilippines;
_bPublishers Association of the Philippines, Inc.,
_cFebruary 2018.
300 _aVolume 66, pages 355-357,
_billustration.
700 _aSoriano, Maricris Millo.
_eauthor.
_961249
942 _2ddc
_cPER
999 _c21716
_d21716